| 000 | 01434nam a2200337Ia 4500 | ||
|---|---|---|---|
| 001 | ebr10436136 | ||
| 003 | CaPaEBR | ||
| 006 | m u | ||
| 007 | cr cn||||||||| | ||
| 008 | 100621s2010 vaua sb 001 0 eng d | ||
| 010 | _z 2010025032 | ||
| 020 | _z9781416610595 | ||
| 020 | _z1416610596 | ||
| 040 |
_aCaPaEBR _cCaPaEBR |
||
| 035 | _a(OCoLC)698112049 | ||
| 050 | 1 | 4 |
_aLC2803.S43 _bM35 2010eb |
| 082 | 0 | 4 |
_a371.829/9607309797 _222 |
| 100 | 1 | _aMcKinley, Johnnie. | |
| 245 | 1 | 0 |
_aRaising Black students' achievement through culturally responsive teaching _h[electronic resource] / _cJohnnie McKinley. |
| 260 |
_aAlexandria, Va. : _bASCD, _cc2010. |
||
| 300 |
_aix, 214 p. : _bill. |
||
| 504 | _aIncludes bibliographical references and index. | ||
| 533 |
_aElectronic reproduction. _bPalo Alto, Calif. : _cebrary, _d2011. _nAvailable via World Wide Web. _nAccess may be limited to ebrary affiliated libraries. |
||
| 610 | 2 | 0 |
_aSeattle Public Schools _vCase studies. |
| 650 | 0 |
_aAfrican Americans _xEducation _zWashington (State) _zSeattle _vCase studies. |
|
| 650 | 0 |
_aAcademic achievement _zWashington (State) _zSeattle _vCase studies. |
|
| 650 | 0 |
_aCultural awareness _zWashington (State) _zSeattle _vCase studies. |
|
| 655 | 7 |
_aElectronic books. _2local |
|
| 710 | 2 | _aebrary, Inc. | |
| 856 | 4 | 0 |
_uhttp://site.ebrary.com/lib/rucke/Doc?id=10436136 _zAn electronic book accessible through the World Wide Web; click to view |
| 999 |
_c235114 _d235114 |
||